<?xml version="1.0" encoding="UTF-8"?>
<record
    xmlns:xsi="http://www.w3.org/2001/XMLSchema-instance"
    xsi:schemaLocation="http://www.loc.gov/MARC21/slim http://www.loc.gov/standards/marcxml/schema/MARC21slim.xsd"
    xmlns="http://www.loc.gov/MARC21/slim">

  <leader>00919nam a2200229 a 4500</leader>
  <controlfield tag="001">BRCA_3773</controlfield>
  <controlfield tag="005">20190320204423.0</controlfield>
  <controlfield tag="008">281009s2001----cn-a---###---#000-0#fre-#</controlfield>
  <datafield tag="020" ind1=" " ind2=" ">
    <subfield code="a">2551213541 (Mus&#xE9;e du Qu&#xE9;bec)</subfield>
  </datafield>
  <datafield tag="020" ind1=" " ind2=" ">
    <subfield code="a">2901421113 (Mus&#xE9;e National de la Marine)</subfield>
  </datafield>
  <datafield tag="041" ind1=" " ind2=" ">
    <subfield code="a">fre</subfield>
  </datafield>
  <datafield tag="044" ind1=" " ind2=" ">
    <subfield code="a">cn</subfield>
  </datafield>
  <datafield tag="050" ind1=" " ind2="4">
    <subfield code="a">BL300</subfield>
    <subfield code="b">.G46 2001</subfield>
  </datafield>
  <datafield tag="245" ind1="1" ind2="0">
    <subfield code="a">Les G&#xE9;nies de la Mer</subfield>
    <subfield code="b">Chefs-d&#xB4;oeuvre de la Sculpture Navale du Mus&#xE9;e National de la Marine a Paris.</subfield>
  </datafield>
  <datafield tag="260" ind1=" " ind2=" ">
    <subfield code="a">Qu&#xE9;bec : Par&#xED;s</subfield>
    <subfield code="b">Mus&#xE9;e du Qu&#xE9;bec : Mus&#xE9;e National de la Marine</subfield>
    <subfield code="c">2001</subfield>
  </datafield>
  <datafield tag="300" ind1=" " ind2=" ">
    <subfield code="a">166 p.</subfield>
    <subfield code="b">il. (algunas a color)</subfield>
    <subfield code="c">27 cm.</subfield>
  </datafield>
  <datafield tag="500" ind1=" " ind2=" ">
    <subfield code="a">Cat&#xE1;logo de la exposici&#xF3;n realizada en el Museo de Qu&#xE9;bec (Qu&#xE9;bec, Canad&#xE1;), 11 octubre, 2001 - 17 marzo, 2002 y en el Museo Nacional de la Marina (Par&#xED;s), 2003</subfield>
  </datafield>
  <datafield tag="504" ind1=" " ind2=" ">
    <subfield code="a">Bibliograf&#xED;a: p. 165-166</subfield>
  </datafield>
  <datafield tag="650" ind1="1" ind2="4">
    <subfield code="a">Mitolog&#xED;a</subfield>
    <subfield code="9">9838</subfield>
  </datafield>
  <datafield tag="650" ind1="1" ind2="4">
    <subfield code="a">Sirenas (Mitolog&#xED;a)</subfield>
    <subfield code="9">2570</subfield>
  </datafield>
  <datafield tag="942" ind1=" " ind2=" ">
    <subfield code="2">lcc</subfield>
    <subfield code="c">B</subfield>
  </datafield>
  <datafield tag="999" ind1=" " ind2=" ">
    <subfield code="c">3502</subfield>
    <subfield code="d">3502</subfield>
  </datafield>
  <datafield tag="952" ind1=" " ind2=" ">
    <subfield code="0">0</subfield>
    <subfield code="1">0</subfield>
    <subfield code="4">0</subfield>
    <subfield code="7">0</subfield>
    <subfield code="a">BRCA</subfield>
    <subfield code="b">BRCA</subfield>
    <subfield code="d">2009-10-28</subfield>
    <subfield code="l">0</subfield>
    <subfield code="o">BL300 .G46 2001</subfield>
    <subfield code="p">01271</subfield>
    <subfield code="r">2019-03-22 00:00:00</subfield>
    <subfield code="w">2019-03-22</subfield>
    <subfield code="y">B</subfield>
  </datafield>
</record>
